Velvet : i Velvet Underground e la New York di Andy Warhol /
I tiakina i:
| Kaituhi matua: | |
|---|---|
| Ētahi atu kaituhi: | |
| Hōputu: | Pukapuka |
| Reo: | Itāriana |
| I whakaputaina: |
Firenze ; Milano :
Giunti,
2013
|
| Rangatū: | Bizarre
|
| Ngā Tūtohu: |
Kāore He Tūtohu, Me noho koe te mea tuatahi ki te tūtohu i tēnei pūkete!
|
MARC
| LEADER | 00000nam a22000007i 4500 | ||
|---|---|---|---|
| 001 | IT\ICCU\MOD\1628035 | ||
| 003 | ItRI | ||
| 005 | 20260115232046.0 | ||
| 008 | 140301s2013 it |||||| ||||| |||||c | ||
| 020 | |a 9788809791596 | ||
| 020 | |a 9788809859937 | ||
| 040 | |b ita |c importazione bologna sebina | ||
| 041 | 7 | |a ita |2 ISO-639-2 | |
| 082 | |a 781.66 |9 MUSICA ROCK |2 21 | ||
| 100 | 1 | |a Bockris, Victor |0 IT\ICCU\RAVV\042321 | |
| 245 | 1 | 0 | |a Velvet : |b i Velvet Underground e la New York di Andy Warhol / |c Victor Bockris, Gerard Malanga. |
| 260 | |a Firenze ; |a Milano : |b Giunti, |c 2013 | ||
| 300 | |a 176 p. : |b ill. ; |c 28 cm | ||
| 500 | |a Traduzione e redazione di Daniele Caroli | ||
| 700 | 1 | |a Malanga, Gerard |0 IT\ICCU\LO1V\157318 | |
| 790 | 1 | |a Brockris, Victor |3 IT\ICCU\CFIV\181241 |z Bockris, Victor | |
| 830 | 0 | |a Bizarre |0 IT\ICCU\REA\0035294 | |
| 942 | |2 ddc |c BK |n 0 | ||
| 952 | |0 0 |1 0 |4 0 |6 DOC_784_092000000000000_BOC |7 0 |9 19320 |a BO |b BO |d 2026-01-15 |i 18725 |l 0 |o DOC 784.092 BOC |p BO18725 |r 2026-01-15 23:20:46 |w 2026-01-15 |x [Sebina 5] [1 v.] |y BK |z 1 v. | ||
| 999 | |c 16449 |d 16449 | ||